|
|
|
|
| LEADER |
00938nam a22002532a 4500 |
| 001 |
000193775 |
| 003 |
CZ BrMZK |
| 005 |
20051104110641.0 |
| 008 |
970103s1990 xr f cze d |
| 015 |
|
|
|a cnb000057247
|
| 035 |
|
|
|a (OCoLC)39436007
|
| 040 |
|
|
|a BOA001
|b cze
|
| 080 |
|
|
|a 621.515(076)
|2 MRF
|
| 080 |
|
|
|a 621.63(076)
|2 MRF
|
| 100 |
1 |
|
|a Sýkora, Václav
|7 jx20040727048
|
| 245 |
1 |
0 |
|a Turbokompresory a ventilátory :
|b cvičení /
|c Václav Sýkora
|
| 250 |
|
|
|a 1. vyd.
|
| 260 |
|
|
|a Praha :
|b České vysoké učení technické,
|c 1990
|
| 300 |
|
|
|a 141 s.
|
| 910 |
|
|
|a BOA001
|b TK-A-0246.009
|
| 990 |
|
|
|a BK
|
| 996 |
7 |
|
|b 2629991844
|c TK-A-0246.009
|l MZK
|r Sklad / do 24 hodin
|n 5
|w 000193775
|u 000010
|a 1
|e BOA001
|j MZK50
|s A
|
| 996 |
7 |
|
|b 2629992974
|c TK-A-0246.009
|l MZK
|r Sklad / do 24 hodin
|n 2
|w 000193775
|u 000030
|a 1
|e BOA001
|j MZK50
|s A
|
| 996 |
7 |
|
|b 2629992975
|c TK-A-0246.009
|l MZK
|r Sklad / do 24 hodin
|n 2
|w 000193775
|u 000020
|a 1
|e BOA001
|j MZK50
|s A
|